| 000 | 00810nam a2200205 a 4500 | ||
|---|---|---|---|
| 003 | 0 | ||
| 005 | 20250203082937.0 | ||
| 008 | 130729s19uu xx 00 eng d | ||
| 050 |
_aPHS DS 686.6 _b.Ut92 2013 |
||
| 100 | _aUtsumi, Kyeriel Justin A. | ||
| 245 |
_aThe dictatorship government of Marcos during the martial law period / _cKyeriel Justin A. Utsumi. |
||
| 260 |
_aLas PiƱas City, Philippines : _bSouthville International School and Colleges, _c2013. |
||
| 300 |
_a33 p. : _bill. ; _c28 cm. |
||
| 504 | _aIncludes bibliographical references. | ||
| 650 |
_aMartial law _zPhilippines _vHistory _y20th century. |
||
| 650 |
_aDictatorship _zPhilippines _vHistory. |
||
| 650 |
_aPolitical repression _zPhilippines _vHistory. |
||
| 650 |
_aHuman rights _zPhilippines _vHistory _y20th century. |
||
| 942 |
_2lcc _cPASS |
||
| 999 |
_c98918 _d98918 |
||